All Cities in Italy with a Population Over 50,000 - Statistics

General Stats
  • This quiz has been taken 46 times
  • The average score is 56 of 136
Answer Stats
Rank Region Population Answer % Correct
8 Toscana 362,000 Firenze
98%
134 Lombardia 51,000 Rho
98%
1 Lazio 2,747,000 Roma
98%
12 Veneto 249,000 Venezia
98%
2 Lombardia 1,366,000 Milano
95%
5 Sicilia 626,000 Palermo
93%
4 Piemonte 857,000 Torino
93%
7 Emilia Romagna 391,000 Bologna
90%
3 Campania 908,000 Napoli
90%
6 Liguria 564,000 Genova
88%
9 Puglia 315,000 Bari
85%
11 Veneto 255,000 Verona
85%
10 Sicilia 298,000 Catania
80%
16 Emilia Romagna 199,000 Parma
80%
55 Toscana 89,000 Pisa
80%
14 Emilia Romagna 208,000 Padova
78%
22 Calabria 169,000 Reggio di Calabria
78%
21 Emilia Romagna 173,000 Reggio nell'Emilia
78%
17 Friuli-Venezia Giulia 199,000 Trieste
78%
34 Lombardia 121,000 Bergamo
75%
13 Sicilia 217,000 Messina
75%
27 Sardegna 147,000 Cagliari
73%
23 Umbria 162,000 Perugia
70%
39 Sicilia 116,000 Siracusa
70%
36 Trentino-Alto Adige 119,000 Trento
70%
19 Puglia 186,000 Taranto
68%
25 Toscana 153,000 Livorno
65%
15 Lombardia 200,000 Brescia
63%
20 Emilia Romagna 185,000 Modena
63%
24 Emilia Romagna 156,000 Ravenna
63%
45 Marche 99,000 Ancona
60%
29 Emilia Romagna 129,000 Ferrara
60%
37 Abruzzo 118,000 Pescara
60%
26 Emilia Romagna 151,000 Rimini
60%
31 Campania 126,000 Salerno
60%
62 Lombardia 83,000 Como
58%
28 Puglia 145,000 Foggia
58%
30 Lazio 128,000 Latina
58%
43 Emilia Romagna 103,000 Piacenza
58%
46 Friuli-Venezia Giulia 98,000 Udine
58%
52 Liguria 93,000 La Spezia
55%
51 Puglia 94,000 Lecce
55%
124 Toscana 53,000 Siena
55%
35 Sardegna 120,000 Sassari
53%
59 Veneto 86,000 Treviso
53%
40 Veneto 110,000 Vicenza
53%
41 Trentino-Alto Adige 106,000 Bolzano
50%
80 Lombardia 71,000 Cremona
50%
58 Toscana 89,000 Lucca
50%
18 Toscana 198,000 Prato
50%
53 Piemonte 93,000 Alessandria
48%
81 Abruzzo 70,000 L'Aquila
48%
33 Lombardia 123,000 Monza
48%
48 Toscana 97,000 Arezzo
43%
112 Campania 56,000 Benevento
43%
42 Umbria 106,000 Terni
43%
117 Sicilia 55,000 Trapani
43%
64 Puglia 82,000 Brindisi
40%
78 Campania 73,000 Caserta
40%
38 Emilia Romagna 118,000 Forlì
40%
65 Toscana 81,000 Grosseto
40%
44 Piemonte 103,000 Novara
40%
50 Marche 95,000 Pesaro
40%
87 Lazio 66,000 Viterbo
40%
75 Piemonte 74,000 Asti
38%
54 Puglia 92,000 Barletta
38%
61 Calabria 83,000 Catanzaro
38%
111 Piemonte 56,000 Cuneo
38%
79 Lombardia 72,000 Pavia
38%
115 Sicilia 55,000 Agrigento
35%
130 Campania 52,000 Avellino
35%
92 Calabria 63,000 Cosenza
33%
106 Calabria 58,000 Crotone
33%
84 Emilia Romagna 69,000 Imola
33%
88 Toscana 66,000 Massa
33%
95 Sardegna 62,000 Olbia
33%
57 Toscana 89,000 Pistoia
33%
91 Basilicata 64,000 Potenza
33%
101 Toscana 60,000 Carrara
30%
49 Emilia Romagna 96,000 Cesena
30%
129 Friuli-Venezia Giulia 52,000 Pordenone
30%
104 Liguria 59,000 Savona
30%
82 Sicilia 70,000 Gela
28%
66 Sicilia 80,000 Marsala
28%
102 Basilicata 60,000 Matera
28%
74 Sicilia 74,000 Ragusa
28%
83 Puglia 70,000 Altamura
25%
107 Sicilia 58,000 Caltanissetta
25%
131 Lazio 52,000 Civitavecchia
25%
63 Lazio 83,000 Fiumicino
25%
123 Liguria 53,000 Sanremo
25%
69 Lombardia 79,000 Sesto San Giovanni
25%
68 Lombardia 79,000 Varese
25%
97 Toscana 61,000 Viareggio
25%
47 Puglia 97,000 Andria
23%
32 Campania 125,000 Giugliano in Campania
23%
85 Sardegna 68,000 Quartu Sant'Elena
23%
132 Abruzzo 52,000 Teramo
23%
116 Lazio 55,000 Tivoli
23%
118 Puglia 54,000 Trani
23%
100 Lazio 60,000 Anzio
20%
60 Lombardia 84,000 Busto Arsizio
20%
77 Emilia Romagna 73,000 Carpi
20%
103 Emilia Romagna 59,000 Faenza
20%
99 Marche 60,000 Fano
20%
86 Calabria 67,000 Lamezia Terme
20%
96 Campania 61,000 Afragola
18%
94 Campania 62,000 Castellammare di Stabia
18%
71 Lombardia 75,000 Cinisello Balsamo
18%
98 Lombardia 61,000 Legnano
18%
120 Sicilia 53,000 Modica
18%
67 Campania 79,000 Torre del Greco
18%
89 Sicilia 66,000 Vittoria
18%
108 Campania 58,000 Marano di Napoli
15%
70 Campania 75,000 Pozzuoli
15%
136 Sicilia 51,000 Acireale
13%
72 Lazio 75,000 Aprilia
13%
76 Campania 73,000 Casoria
13%
110 Puglia 57,000 Cerignola
13%
114 Umbria 55,000 Foligno
13%
127 Lombardia 53,000 Gallarate
13%
122 Puglia 53,000 Manfredonia
13%
119 Abruzzo 54,000 Montesilvano
13%
93 Lombardia 63,000 Vigevano
13%
125 Puglia 53,000 Bitonto
10%
73 Calabria 74,000 Corigliano-Rossano
10%
56 Campania 89,000 Guidonia Montecelio
10%
109 Puglia 57,000 Molfetta
10%
90 Lazio 65,000 Pomezia
10%
105 Campania 59,000 Acerra
8%
126 Sicilia 53,000 Bagheria
8%
133 Campania 51,000 Portici
8%
121 Puglia 53,000 Bisceglie
5%
113 Piemonte 56,000 Moncalieri
5%
128 Lazio 53,000 Velletri
5%
135 Lazio 51,000 Ardea
3%
No matching quizzes found
Score Distribution
Percent of People with Each Score
Percentile by Number Answered
Your Score History
You have not taken this quiz